000 00519cam a2200133 4500500
005 20260111145851.0
041 _afre
042 _adc
245 0 0 _aCyrille Harpet et Brigitte Le Lin, Vivre sur la décharge d’Antananarivo. Regards anthropologiques, Paris, L’Harmattan, 2001
260 _c2005.
500 _a2
786 0 _nEthnologie française | 35 | 2 | 2005-06-01 | p. 355d-371d | 0046-2616
856 4 1 _uhttps://shs.cairn.info/revue-ethnologie-francaise-2005-2-page-355d?lang=fr&redirect-ssocas=7080
999 _c1636632
_d1636632